LDR 00782naa#a2200181#i#450# 001 EN\\bibl\118790 005 20260511050621.1 011 ## _a1994-4683 100 ## _a20230428b2023####ek#y0engy0150####ca 102 ## _aRU 200 1# _aHEALTH-SAVING INFORMATION AND EDUCATIONAL ENVIRONMENT AS A BASIS FOR PREVENTION OF STUDENTS' ADDICTIVE BEHAVIOR _eJournal article 210 1# _aMoscow _cNational State University of Physical Education, Sports and Health named after P.F. Lesgaft _d2023 215 ## _a3 с. 608 ## _aJournal article _2local 675 ## _aРазвитие и формирование психики. Сравнительная психология Психология животных. 159.92 _z 700 #1 _aLoshchakov _gA M 700 #1 _aUkhova _gT V 856 4# _auchzapiski.lesgaft.spb.ru _u